[Event "SVK-ch Amateurs"]
[Site "Topolcany"]
[Date "2021.08.09"]
[Round "6"]
[White "Mudrak, Josef"]
[Black "Gyerpal, Adrian"]
[Result "1-0"]
[WhiteElo "2196"]
[BlackElo "2066"]
[PlyCount "69"]
[EventDate "2021.08.06"]
[EventType "swiss"]
[EventRounds "7"]
[EventCountry "SVK"]
[SourceTitle "EXT 2022"]
[Source "ChessBase"]
[SourceDate "2021.10.06"]
[SourceVersion "1"]
[SourceVersionDate "2021.10.06"]
[SourceQuality "1"]

1. d4 d5 2. Nf3 Nf6 3. g3 c5 4. Bg2 cxd4 5. 0-0 h6 6. b3 e6 7. Bb2 Bc5 8. a3 0-0 9. b4 Bb6 10. Nxd4 Re8 11. h3 a5 12. e3 Qe7 13. b5 a4 14. c4 Bxd4 15. exd4 dxc4 16. Nc3 Qd7 17. Qe2 Qxd4 18. Nd5 exd5 19. Qxe8+ Nxe8 20. Bxd4 Be6 21. f4 f5 22. Rfe1 Bf7 23. Bxd5 Nd7 24. Bxb7 Rb8 25. Bc6 Nef6 26. Re7 Rd8 27. Bc3 Nc5 28. b6 Nfe4 29. Bxe4 Nxe4 30. Be5 Nc5 31. b7 Na6 32. Rb1 Nb8 33. Bxb8 Rxb8 34. Rc7 Be6 35. Rb6 1-0